Communes du Tarn (81) de plus de 10000 habitants - Statistiques

Statistiques générales
  • Ce quiz a été pris 67 fois
  • Le résultat moyen est 5 sur 6
Statistiques - réponses
Habitants Communes % Correct
50605 (préfecture) Albi
100%
42700 Castres
100%
16080 Gaillac
92%
10123 Mazamet
82%
13275 Graulhet
76%
10884 Lavaur
71%
Aucun quiz correspondant
Distribution des résultats
% des personnes avec chaque résultat
Percentile par nombre de réponses
Votre historique - résultats
Vous n’avez pas pris ce quiz